000
00332pab a2200145 454500
008
180718b1998 xxu||||| |||| 00| 0 eng d
100
_a
Nair, Tara
245
_a
Budget - 1998-99: fails to catalyse growth
260
_c
1998
300
_a
p.5-6
362
_a
6 Jun
650
_a
Budget
773
_a
Young Indian
909
_a
37841
999
_c
37841
_d
37841